Administración de producción y operaciones: manufactura y servicios
Salvato in:
| Autori principali: | , , |
|---|---|
| Natura: | Libro |
| Lingua: | spagnolo |
| Pubblicazione: |
Bogotá
McGraw Hill
2000
|
| Soggetti: | |
| Tags: |
Aggiungi Tag
Nessun Tag, puoi essere il primo ad aggiungerne!!
|
MARC
| LEADER | 00000nam a2200000 a 4500 | ||
|---|---|---|---|
| 001 | UCN2058 | ||
| 003 | CL-VaPUC | ||
| 005 | 20240402141611.0 | ||
| 008 | 010511e20000000CK |||||||||||||||||spa|d | ||
| 999 | |c 295218 |d 295216 | ||
| 020 | |a 9584100718 | ||
| 040 | |c Pontificia Universidad Católica de Valparaíso | ||
| 082 | 0 | 4 | |a 658.5 |b CHA |2 21 |
| 100 | 0 | |a Chase, Richard B |e author |9 457613 | |
| 245 | 1 | 0 | |a Administración de producción y operaciones: manufactura y servicios |
| 260 | |a Bogotá |b McGraw Hill |c 2000 | ||
| 300 | |a 885 p | ||
| 500 | |a Incluye Cd-Rom | ||
| 583 | |a last modification |c 20170509 09:40:05 |k Rodrigo Vera | ||
| 650 | 0 | |a Planificación estratégica |9 259735 | |
| 650 | 0 | |a Servicio al cliente |9 886435 |x Gestión | |
| 650 | 0 | |a Gestión de la producción |9 259467 | |
| 650 | 0 | |a Aseguramiento de la calidad |9 886436 | |
| 650 | 0 | |a Control de procesos |9 259880 | |
| 700 | 0 | |a Aquilano, Nicholas J |e author |9 457614 | |
| 700 | |a Jacobs, F. Robert |e author |9 603480 | ||
| 942 | |c BK |2 ddc | ||
| 945 | |d 20010511 00:00:00 |a vberengu | ||
| 952 | |0 0 |1 2 |2 ddc |4 0 |6 658_500000000000000_CHA_2000 |7 0 |8 R |9 348154 |a BIBENE |b BIBENE |d 2019-11-20 |i 372414K |l 1 |o 658.5 CHA 2000 |p 372414K |r 2021-11-26 |s 2020-08-03 |w 2019-11-20 |y BK_R |k ICO | ||
| 952 | |0 0 |1 0 |4 0 |6 658_500000000000000_CHA_2000 |7 0 |8 R |9 348155 |a BIBENE |b BIBENE |d 2019-11-20 |i 3809757 |o 658.5 CHA 2000 |p 3809757 |r 2025-01-15 |w 2019-11-20 |y BK_R |k ICO | ||
| 952 | |0 0 |1 0 |4 0 |6 658_500000000000000_CHA_2000 |7 0 |8 R |9 348156 |a BIBENE |b BIBENE |d 2019-11-20 |i 3809765 |o 658.5 CHA 2000 |p 3809765 |r 2025-01-15 |w 2019-11-20 |y BK_R |k ICO | ||
| 952 | |0 0 |1 0 |4 0 |6 658_500000000000000_CHA_2000 |7 0 |8 R |9 348157 |a BIBENE |b BIBENE |d 2019-11-20 |i 3809773 |o 658.5 CHA 2000 |p 3809773 |r 2025-01-15 |w 2019-11-20 |y BK_R |k ICO | ||
| 952 | |0 0 |1 0 |4 0 |6 658_500000000000000_CHA_2000 |7 0 |8 A |9 348158 |a BIBMEC |b BIBMEC |d 2019-11-20 |i 3733718 |o 658.5 CHA 2000 |p 3733718 |r 2024-01-19 |w 2019-11-20 |y BK |k MEC | ||
| 952 | |0 0 |1 0 |4 0 |6 658_500000000000000_CHA_2000 |7 0 |8 A |9 348159 |a BIBMEC |b BIBMEC |d 2019-11-20 |i 3835405 |o 658.5 CHA 2000 |p 3835405 |r 2024-01-19 |w 2019-11-20 |y BK |k MEC | ||
| 952 | |0 0 |1 0 |4 0 |6 658_500000000000000_CHA_2000 |7 0 |8 R |9 348160 |a BIBENE |b BIBENE |d 2019-11-20 |i 3901920 |o 658.5 CHA 2000 |p 3901920 |r 2025-01-15 |w 2019-11-20 |y BK_R |k ICO | ||
| 952 | |0 0 |1 0 |4 0 |6 658_500000000000000_CHA_2000 |7 0 |8 R |9 348161 |a BIBENE |b BIBENE |d 2019-11-20 |i 3921999 |l 1 |o 658.5 CHA 2000 |p 3921999 |r 2025-01-15 |s 2022-04-26 |w 2019-11-20 |y BK_R |k ICO | ||
| 952 | |0 0 |1 0 |4 0 |6 658_500000000000000_CHA_2000 |7 0 |8 R |9 348162 |a BIBGIM |b BIBGIM |d 2019-11-20 |i 4009436 |o 658.5 CHA 2000 |p 4009436 |r 2025-01-15 |w 2019-11-20 |y BK_R |k GIM | ||
| 952 | |0 0 |1 0 |4 0 |6 658_500000000000000_CHA_2000 |7 0 |8 R |9 348163 |a BIBGIM |b BIBGIM |d 2019-11-20 |i 4009444 |o 658.5 CHA 2000 |p 4009444 |r 2025-01-15 |w 2019-11-20 |y BK_R |k GIM | ||
| 952 | |0 0 |1 0 |4 0 |6 658_500000000000000_CHA_2000 |7 0 |8 R |9 348164 |a BIBGIM |b BIBGIM |d 2019-11-20 |i 4009452 |o 658.5 CHA 2000 |p 4009452 |r 2025-01-15 |w 2019-11-20 |y BK_R |k GIM | ||
| 952 | |0 0 |1 0 |4 0 |6 658_500000000000000_CHA_2000 |7 0 |8 R |9 348165 |a BIBGIM |b BIBGIM |d 2019-11-20 |i 4009460 |o 658.5 CHA 2000 |p 4009460 |r 2025-01-15 |w 2019-11-20 |y BK_R |k GIM | ||
| 952 | |0 0 |1 0 |4 0 |6 658_500000000000000_CHA_2000 |7 0 |8 R |9 348166 |a BIBGIM |b BIBGIM |d 2019-11-20 |i 4009479 |o 658.5 CHA 2000 |p 4009479 |r 2025-01-15 |w 2019-11-20 |y BK_R |k GIM | ||
| 952 | |0 0 |1 0 |4 0 |6 658_500000000000000_CHA_2000 |7 0 |8 R |9 348167 |a BIBGIM |b BIBGIM |d 2019-11-20 |i 4009487 |o 658.5 CHA 2000 |p 4009487 |r 2025-01-15 |w 2019-11-20 |y BK_R |k GIM | ||